| Поле | Инд. | ПП | Название | Значение |
|---|---|---|---|---|
| Тип записи | a | |||
| Библиографический уровень | b | |||
| 001 | Контрольный номер | UNIDUBNA596ca02033d940d5800e1b02ae795c3b | ||
| 005 | Дата корректировки | 20241216151046.2 | ||
| 008 | Кодируемые данные | 20170331 | ||
| 040 | b | Код языка каталог. | rus | |
| e | Правила каталог. | PSBO | ||
| 041 | 0_ | a | Код языка текста | rus |
| 084 | a | Индекс другой классификации/Индекс ББК | 60.991.3; 88.93 | |
| 100 | 1_ | a | Автор | Чикалкина Н. В. |
| u | Дополнение к имени | Чикалина Н. В. | ||
| 245 | 10 | a | Заглавие | Технология работы комплексного центра социального обслуживания населения по профилактике социальной дезадаптации в условиях отделения дневного пребывания несовершеннолетних |
| 500 | a | Примечание | В оглавлении: Чикалина Н. В.. - В заголовке статьи: Чикалкина Н. В. | |
| 520 | 0_ | a | Аннотация | Представлена программа профилактики социальной дезадаптации несовершеннолетних, формирования мотивационных установок на здоровый образ жизни, коррекции самооценки, агрессивного поведения. |
| 650 | 14 | a | Основная рубрика | практическая психология (прикладная психология) |
| a | Основная рубрика | психокоррекция | ||
| a | Основная рубрика | психология | ||
| a | Основная рубрика | социальная работа | ||
| 653 | 0_ | a | Ключевые слова | здоровый образ жизни |
| a | Ключевые слова | игровая коррекция | ||
| a | Ключевые слова | интеграция | ||
| a | Ключевые слова | коммуникативные проблемы | ||
| a | Ключевые слова | комплексное сопровождение | ||
| a | Ключевые слова | коррекционные программы | ||
| a | Ключевые слова | несовершеннолетние | ||
| a | Ключевые слова | подростки | ||
| a | Ключевые слова | профилактика дезадаптации | ||
| a | Ключевые слова | профилактические программы | ||
| a | Ключевые слова | развивающие методики | ||
| a | Ключевые слова | самооценка | ||
| a | Ключевые слова | социализация | ||
| a | Ключевые слова | социальная адаптация | ||
| a | Ключевые слова | социальная дезадаптация | ||
| a | Ключевые слова | социальное взаимодействие | ||
| a | Ключевые слова | социально-психологическое сопровождение | ||
| a | Ключевые слова | центры социального обслуживания | ||
| 773 | 08 | t | Заглавие источника | Работник социальной службы |
| d | Дата издания источника | 2023 | ||
| g | Прочая информация | № 3. - С. 38 - 46 : табл. | ||
| w | Контрольный № источника | UNIDUBNA3145020473674f31b5a1cb197b2d0b4e | ||
| 901 | t | Тип документа | b |